| 000 | 00425nam a2200157 i 4500 | ||
|---|---|---|---|
| 001 | 86519 | ||
| 003 | ES-MaACL | ||
| 005 | 20230906175450.0 | ||
| 007 | t| | ||
| 008 | 041213s1928 ddr ||||1| ger d | ||
| 100 | 1 |
_aKlages, Ludwig. _968172 |
|
| 245 | 1 | 4 |
_aDie grundlagender charatter kunde / _cLudwig Klages. |
| 260 |
_aLeipzig : _bJohann Ambrosius Barth, _c1928. |
||
| 300 |
_a234 p. ; _c24 cm. |
||
| 852 |
_aES-MaACL _jA-237 |
||
| 999 |
_c86519 _d86519 |
||